| 000 | 01254nam a2200241 i 4500 | ||
|---|---|---|---|
| 001 | 42470 | ||
| 003 | ES-MaACL | ||
| 005 | 20240512063033.0 | ||
| 007 | t| | ||
| 008 | 030331s1892 sp ||||1| spa d | ||
| 080 | _a347.97/.99(460) | ||
| 100 | 1 |
_aCos-Gayón, Fernando, _d1825-1898 _940977 _eaut |
|
| 245 | 1 | 0 | _aDiscurso leído por... Fernando Cos-Gayón, ministro de Gracia y Justicia en la solemne apertura de los Tribunales, celebrada en 15 de septiembre de 1892. |
| 260 |
_aMadrid : _b[s.n.], _c1892 _f(Imp. de José Góngora y Álvarez) |
||
| 300 |
_a56 páginas ; _c25 cm. |
||
| 500 | _aTema del discurso: De la legislación penal en España y la administración de justicia en lo criminal. Las alteraciones sufridas en nuestros días por la legislación penal de España y la administración de justicia en lo criminal, su estado presente, las mejoras obtenidas, los defectos que subsisten de antiguo, o que se han desarrollado ahora, y las reformas que la experiencia y la ciencia demandan | ||
| 650 | 0 | 4 |
_aAdministración de justicia- _zEspaña _99621 |
| 852 |
_aES-MaACL _cDEPOF _jT-1153-F-3 |
||
| 852 |
_aES-MaACL _cDEPOF _jT-689-F-2 |
||
| 942 |
_2udc _cFOLLETOS _n0 |
||
| 999 |
_c42470 _d42470 |
||